Central Library OPAC University of Rajshahi

The age of containment : (Record no. 59554)

MARC details
000 -LEADER
fixed length control field 00804nam a2200253 a 4500
001 - CONTROL NUMBER
control field 59554
003 - CONTROL NUMBER IDENTIFIER
rucl marc code BD-RjUL
005 - DATE AND TIME OF LATEST TRANSACTION
control field 20211209080738.0
008 - FIXED-LENGTH DATA ELEMENTS--GENERAL INFORMATION
fixed length control field 161226s1967 enkabcf b 001 0 eng
035 ## - SYSTEM CONTROL NUMBER
System control number (BD-RjUL)59678
040 ## - CATALOGING SOURCE
Original cataloging agency BD-RjUL
Transcribing agency BD-RjUL
Modifying agency BD-RjUL
Language of cataloging eng
041 ## - LANGUAGE CODE
Language code of text/sound track or separate title eng
082 ## - DEWEY DECIMAL CLASSIFICATION NUMBER
Edition number 23
Classification number 909.82
Author mark and year REA 1968
100 1# - MAIN ENTRY--PERSONAL NAME
Personal name Rees, David,
Dates associated with a name 1928-
9 (RLIN) 177137
245 14 - TITLE STATEMENT
Title The age of containment :
Remainder of title the Cold War, 1945-1965 /
260 ## - PUBLICATION, DISTRIBUTION, ETC. (IMPRINT)
Place of publication, distribution, etc. London :
Name of publisher, distributor, etc. Macmillan;
Date of publication, distribution, etc. c1967 [reprinted 1968]
300 ## - PHYSICAL DESCRIPTION
Pagination xi, 156 p. :
Illustrations ill. ;
Size 21 cm.
490 1# - SERIES STATEMENT
Series statement The Making of the twentieth century
504 ## - BIBLIOGRAPHY, ETC. NOTE
Bibliography, etc Bibliography: p. 138-149. and index
650 #0 - SUBJECT ADDED ENTRY--TOPICAL TERM
Topical term or geographic name as entry element History, Modern
Chronological subdivision 1945-1989.
9 (RLIN) 177138
Topical term or geographic name as entry element Communist strategy.
9 (RLIN) 177139
830 #0 - SERIES ADDED ENTRY--UNIFORM TITLE
Uniform title Making of the 20th century.
942 ## - ADDED ENTRY ELEMENTS (KOHA)
Source of classification or shelving scheme Dewey Decimal Classification
Koha item type Books
Holdings
Lost status Source of classification or shelving scheme Damaged status Not for loan Collection code Permanent Location Current Location Shelving location Date acquired Source of acquisition Cost, normal purchase price Total Checkouts Full call number Date last seen Copy number Koha item type
  Dewey Decimal Classification   Not For Loan Non-fiction Central Library, University of Rajshahi Central Library, University of Rajshahi Reading Room 11/07/1972 Book centre 14.30   909.82 REA 1968 26/12/2016 C-1 Books